| 000 | 00785nam a2200181Ia 4500 | ||
|---|---|---|---|
| 008 | 151202s9999||||xx |||||||||||||| ||und|| | ||
| 082 | _bPNVM-36250 | ||
| 100 | _aपंडित विद्यासागर. | ||
| 245 | _aमहाराष्ट्र दर्शन13- विज्ञानदर्शन. | ||
| 260 | _bअतुल बुक एजन्सी प्रकाशन. | ||
| 260 | _c1986 | ||
| 300 | _a60 | ||
| 600 | _aपंडित विद्यासागर. | ||
| 630 | _aमहाराष्ट्र दर्शन13- विज्ञानदर्शन. | ||
| 700 | _aपंडित विद्यासागर. | ||
| 730 | _aमहाराष्ट्र दर्शन13- विज्ञानदर्शन. | ||
| 942 | _cBOOK | ||
| 999 |
_c1302202 _d1302199 |
||